El lugar maldito / (Record no. 24505)

MARC details
000 -LEADER
campo de control de longitud fija 00555nam a2200193 i 4500
001 - NÚMERO DE CONTROL
campo de control 24505
003 - IDENTIFICADOR DE NÚMERO DE CONTROL
campo de control ES-MaACL
005 - FECHA Y HORA DE LA ÚLTIMA TRANSACCIÓN
campo de control 20251204171146.0
007 - CAMPO FIJO DE DESCRIPCIÓN FÍSICA--INFORMACIÓN GENERAL
campo de control de longitud fija t|
008 - DATOS DE LONGITUD FIJA--INFORMACIÓN GENERAL
campo de control de longitud fija 021217s1963 sp ||||1| spa d
100 1# - ENTRADA PRINCIPAL--NOMBRE DE PERSONA
Nombre de persona Andric, Ivo.
9 (RLIN) 21671
245 13 - MENCIÓN DEL TÍTULO
Título El lugar maldito /
Mención de responsabilidad, etc. Ivo Andric ; [versión española de José Antonio Bravo].
250 ## - MENCION DE EDICION
Mención de edición 3ª ed.
260 ## - PUBLICACIÓN, DISTRIBUCIÓN, ETC.
Lugar de publicación, distribución, etc. Barcelona :
Nombre del editor, distribuidor, etc. Luis de Caralt,
Fecha de publicación, distribución, etc. [1963]
300 ## - DESCRIPCIÓN FÍSICA
Extensión 162 p. ;
Dimensiones 18 cm.
700 ## - ENTRADA AGREGADA--NOMBRE PERSONAL
Nombre de persona Bravo, José Antonio
9 (RLIN) 198639
852 ## - LOCALIZACIÓN
Ubicación ES-MaACL
Número de control de estantería C-23428
Sublocalización o colección R.52054
Holdings
Estatus retirado Estado de pérdida Estado de daño No para préstamo Biblioteca de origen Biblioteca actual Ubicación en estantería Fecha de adquisición Fuente de adquisición Total de préstamos Signatura topográfica completa Código de barras Visto por última vez Precio de reemplazo Tipo de ítem Koha
        Biblioteca del Ateneo de Madrid Biblioteca del Ateneo de Madrid Depósito 2 17/01/2008     C-23428 1025265 23/02/2023 23/02/2023 Libro impreso